| 000 | 00691cam a2200229 a 4500 | ||
|---|---|---|---|
| 001 | 11960215 | ||
| 005 | 20180227040800.0 | ||
| 008 | 000331s2000 maua b 001 0 eng | ||
| 010 | _a 00103024 | ||
| 020 | _a0618042741 | ||
| 040 |
_aDLC _cDLC _dDLC |
||
| 041 | _aeng | ||
| 043 | _an-us--- | ||
| 080 | _a37 kev | ||
| 100 | 1 | _a48 | |
| 101 | _aedu | ||
| 245 | 1 | 0 |
_aThose who can, teach / _cKevin Ryan, James Cooper. |
| 504 | _aIncludes bibliographical references (p. 528-538) and index. | ||
| 906 |
_a7 _bcbc _corignew _d3 _eepcn _f20 _gy-gencatlg |
||
| 942 |
_2ddc _cBK |
||
| 999 |
_c43557 _d43557 |
||